20 najpopularniejszych języków na świecie - Statystyki

Ogólne statystyki
  • Ten quiz został rozwiązany 46 razy
    36 od ostatniego zresetowania
  • Średni wynik to 10 z 20
Statystyki odpowiedzi
Liczba mówiących w Mln Język % Poprawnych
1500 Angielski
100%
1200 Chiński
100%
558 Hiszpański
100%
334 Francuski
97%
134 Niemiecki
97%
253 Portugalski
93%
266 Rosyjski
86%
311 Arabski
79%
125 Japoński
79%
91 Turecki
59%
609 Hindi
52%
97 Wietnamski
38%
246 Urdu
21%
284 Bengalski
17%
252 Jawajski
7%
94 Hausa
3%
95 Telugu
3%
118 Egipsko Arabski
0%
99 Marathi
0%
120 Nigeryjski
0%
Nie znaleziono quizów pasujących do podanych kryteriów
Rozkład punktacji
Procent ludzi z każdym wynikiem
Percentyl według liczby udzielonych odpowiedzi
Twoja historia wyników
Nie rozwiązałeś tego quizu od ostatniego zresetowania